[Event "GBR-ch U10 106th"]
[Site "Torquay"]
[Date "2019.07.30"]
[Round "3"]
[White "Ye, Tim"]
[Black "Ivan, Austin"]
[Result "1/2-1/2"]
[WhiteElo "917"]
[BlackElo "1367"]
[PlyCount "38"]
[EventDate "2019.07.28"]
[EventType "swiss"]
[EventRounds "7"]
[EventCountry "ENG"]
[SourceTitle "EXT 2025"]
[Source "ChessBase"]
[SourceDate "2024.10.14"]
[SourceVersion "1"]
[SourceVersionDate "2024.10.14"]
[SourceQuality "1"]

1. e4 c5 2. c3 e6 3. d4 cxd4 4. cxd4 a6 5. Bd3 b5 6. a3 Bb7 7. Nc3 Be7 8. Nge2 d6 9. 0-0 Nd7 10. Be3 Ngf6 11. Re1 Rc8 12. h3 Qc7 13. Rc1 Qd8 14. Qd2 d5 15. f3 h6 16. e5 Nh7 17. Rf1 g5 18. Qc2 Ndf8 19. Qd1 f6 1/2-1/2